Thiên tai

Zapisane w:
Opis bibliograficzny
1. autor: Raihardt Hans
Kolejni autorzy: Cao Thụy Cao Bình (Dịch)
Format: Książka
Język:Vietnamese
Wydane: Tp. HCM Trẻ 2000
Hasła przedmiotowe:
Etykiety: Dodaj etykietę
Nie ma etykietki, Dołącz pierwszą etykiete!
Thư viện lưu trữ: Mạng thư viện Đại học Đà Nẵng
LEADER 00939nam a2200301 4500
001 000014132
003 10487
005 20120405090414.0
008 120329s2000 viesd
020 |c 10500đ 
041 0 |a vie 
082 |a 551  |b RA-H 
100 0 |a Raihardt Hans 
245 0 |a Thiên tai  |c Hans Raihardt(Tg), Cao Thụy, Cao Bình(Dịch) 
260 |a Tp. HCM  |b Trẻ  |c 2000 
300 |a 48 tr.  |c 26 cm 
653 |a Thiên tai 
700 |a Cao Thụy  |a Cao Bình  |e Dịch 
OWN |a LSP 
AVA |a UDN50  |b LSP  |d 551 RA-H  |e available  |t Error 5001 Not defined in file expand_doc_bib_avail.  |f 3  |g 0  |h N  |i 0  |k 1 
999 |a From the UDN01 
AVA |a UDN50  |b LSP  |d 551 RA-H  |e available  |t Error 5001 Not defined in file expand_doc_bib_avail.  |f 3  |g 0  |h N  |i 0  |k 1 
TYP |a Monograph 
TYP |a Printed language 
980 |a Mạng thư viện Đại học Đà Nẵng